000 00787cam a22002293a 4500
001 31423
003 PGUSA
005 20140828083659.0
008 100227s2010||||xxu|||||s|||||000 | eng d
040 _aPGUSA
_beng
042 _adc
050 4 _aSB
100 1 _aKeane, William, gardener
245 1 0 _aIn-Door Gardening for Every Week in the Year :
_bShowing the Most Successful Treatment for all Plants Cultivated in the Greenhouse, Conservatory, Stove, Pit, Orchid, and Forcing-house
_h[electronic resource] /
_cWilliam, gardener Keane
260 _bProject Gutenberg,
_c2010
506 _aPublic domain in the USA.
516 _aElectronic text
653 _aGreenhouses
830 0 _aProject Gutenberg
_v31423
856 4 0 _uhttp://www.gutenberg.org/ebooks/31423
942 _cEB
999 _c260678
_d260678